Antahrastriyo rajniti. (Record no. 2225)

MARC details
000 -LEADER
fixed length control field 00485cam a2200193ua 4500
001 - CONTROL NUMBER
control field 2370
005 - DATE AND TIME OF LATEST TRANSACTION
control field 20260515113459.0
008 - FIXED-LENGTH DATA ELEMENTS--GENERAL INFORMATION
fixed length control field 110806n ii |||gr||||Z||||||asm
040 ## - CATALOGING SOURCE
Transcribing agency MAIN
082 ## - DEWEY DECIMAL CLASSIFICATION NUMBER
Classification number 327.11
100 1# - MAIN ENTRY--PERSONAL NAME
Personal name Borah, Kanak Chandra.,
245 ## - TITLE STATEMENT
Title Antahrastriyo rajniti.
Statement of responsibility, etc. By Kanak Chandra Borah
250 ## - EDITION STATEMENT
Edition statement 1st.
260 ## - PUBLICATION, DISTRIBUTION, ETC.
Place of publication, distribution, etc. Dibrugarh:
Name of publisher, distributor, etc. Banalata.,988.
300 ## - PHYSICAL DESCRIPTION
Extent 155 p.:
Dimensions 23 cm.
653 ## - INDEX TERM--UNCONTROLLED
Uncontrolled term Political science.
653 ## - INDEX TERM--UNCONTROLLED
Uncontrolled term Antahrastriyo rajniti.
942 ## - ADDED ENTRY ELEMENTS (KOHA)
Koha item type Books
Holdings
Withdrawn status Lost status Damaged status Not for loan Home library Current library Shelving location Date acquired Total checkouts Full call number Barcode Date last seen Copy number Price effective from Koha item type
        Naharkatiya College Library Naharkatiya College Library General stacks 09/19/2020   327.11 | BOR 1071a 09/19/2020 1 09/19/2020 Books